00604 2200169 4500245002700000020002200027250001200049100001400061650001700075005001900092260003800111041001400149084000800163300002300171500023100194336000900425 aJanjicTere LiyehText a978-623-97262-0-1 aCet. 18 aTere Liye aNovel Remaja a20250304071811 aDepokbSabak Grip Nusantarac2024 aIndonesia a813 a488 hlm. :c20 cm. aInilah kisah tentang janji. Kita semua pengembara di dunia ini. Dari hari ke hari. Dari satu tempat ke tempat lain. Dari satu kejadian ke kejadian lain. Terus mengembara. Dan kita pasti menggenapkan janji yang satu ini : mati. atext